| 000 | 00352nam a22001457a 4500 | ||
|---|---|---|---|
| 020 | _a812376748-X | ||
| 082 |
_a823 _bJOS/J |
||
| 100 | _aJOSHI, JAGDISH | ||
| 245 |
_aA JOURNEY _bSHORT STORY |
||
| 246 |
_aA JOURNEY _bSHORT STORY |
||
| 260 |
_aNEW DELHI _bNATIONAL BOOK TRUST, INDIA _c2013 |
||
| 520 | _aSHORT STORY | ||
| 650 | _aSHORT STORY | ||
| 942 | _cBK | ||
| 999 |
_c2596 _d2596 |
||